[Event "Titled Tuesday intern op 20th Jun Early"]
[Site "Chess.com INT"]
[Date "2023.06.20"]
[Round "7"]
[White "Haack, Kevin"]
[Black "Goldin, Roman"]
[Result "0-1"]
[WhiteElo "2303"]
[BlackElo "2323"]
[PlyCount "76"]
[EventDate "2023.06.20"]
[EventType "swiss (blitz)"]
[EventRounds "11"]
[EventCountry "USA"]
[SourceTitle "EXT 2024"]
[Source "ChessBase"]
[SourceDate "2023.10.10"]
[SourceVersion "1"]
[SourceVersionDate "2023.10.10"]
[SourceQuality "1"]

1. g3 d5 2. Bg2 e5 3. c4 d4 4. e3 Nc6 5. exd4 exd4 6. Nf3 Nf6 7. 0-0 Be7 8. a3 a5 9. b3 0-0 10. d3 Nd7 11. Re1 Bf6 12. h4 h6 13. Nh2 Nc5 14. Bf4 Bf5 15. Bf1 g5 16. hxg5 hxg5 17. Bc1 Qd7 18. Ra2 Kg7 19. Be2 Ne5 20. Rd2 Rh8 21. b4 axb4 22. axb4 Rxh2 23. Kxh2 Rh8+ 24. Kg1 Qc6 25. f3 g4 26. b5 Qd6 27. f4 Rh3 28. Kg2 Ng6 29. Bxg4 Rxg3+ 30. Kxg3 Qxf4+ 31. Kg2 Bxg4 32. Rf2 Nh4+ 33. Kf1 Bh3+ 34. Kg1 Qg3+ 35. Kh1 Bg2+ 36. Kg1 Bf3+ 37. Kf1 Qh3+ 38. Kg1 Qh1# 0-1